000 00360nam a2200145Ia 4500
008 090122s9999 xx 000 0 und d
082 _b10605
100 _aशिरवळकर
_bसुहास
245 _aझलक
600 _aशिरवळकर
630 _aझलक
700 _aशिरवळकर
730 _aझलक
942 _cBOOK
999 _c34682
_d34682